| 000 | 01666nam a2200241Ia 4500 | ||
|---|---|---|---|
| 008 | 260220t1968||||xx |||||||||||||| ||spa|| | ||
| 040 |
_aPY-SlUNAC _bspa _erda |
||
| 041 | _aspa | ||
| 082 |
_a301 _bN385o |
||
| 100 |
_aNegre Rigol, Pedro _eAutor |
||
| 245 | 0 |
_aEl obrero y la ciudad / _cpor Pedro Negre Rigol [Autor] |
|
| 264 |
_aBarcelona : _bAriel, _c℗1968. |
||
| 300 | _a1 volumen | ||
| 520 | _aEn "El obrero y la ciudad", Pedro Negre Rigol analiza la relación entre el trabajador y el entorno urbano en el contexto de la industrialización y el desarrollo de las ciudades españolas durante el siglo XX. El autor examina cómo la transformación de las ciudades impactó la vida de los obreros, tanto en términos de condiciones laborales como en su integración social y cultural. A través de una revisión crítica de la urbanización, Negre Rigol destaca las tensiones entre el crecimiento económico y la calidad de vida de los trabajadores, enfatizando la alienación y la desigualdad social que surgieron en este proceso. Además, el libro aborda la importancia de la identidad colectiva de los obreros en la lucha por sus derechos y una vida digna, subrayando el papel que juega la ciudad como escenario de sus reivindicaciones. En definitiva, la obra ofrece una reflexión profunda sobre el significado de la vida urbana para los trabajadores y su influencia en la configuración del tejido social. | ||
| 653 | _aSociedad | ||
| 653 | _aTrabajo | ||
| 653 | _aUrbanización | ||
| 942 |
_b2026/02/17 _cBK |
||
| 999 |
_c6906 _d6906 |
||